000 00315 a2200157 4500
001 182099
020 _a85-7232-360-0
040 _cMagnum
100 _aAzevedo, Aluísio
240 1 0 _aO cortiço
_lpor
245 1 0 _aO cortiço
300 _a232
362 0 _a2004
697 _aLITERATURA GERAL
942 _cBK
999 _c182099
_d182099